Hebrew syntax : (Registro nro. 42797)
[ vista simple ]
| 000 -LÍDER | |
|---|---|
| Campo fijo de descripción fija | 00993aam a2200337 i 4500 |
| 001 - NÚMERO DE CONTROL | |
| Campo de control | 768714001 |
| 003 - IDENTIFICADOR DEL NÚMERO DE CONTROL | |
| Campo de control | CO-MdFUSB |
| 005 - FECHA Y HORA DE LA ULTIMA TRANSACCIÓN | |
| control field | 20260123124017.0 |
| 007 - CAMPO FIJO DE DESCRIPCIÓN FIJA--INFORMACIÓN GENERAL | |
| Campo fijo de descripción fija | ta |
| 008 - ELEMENTOS DE LONGITUD FIJA -- INFORMACIÓN GENERAL | |
| Campo fijo de descripción fija -- Información general | 260123t1992 -cn |||| |||| 00| 0 eng d |
| 020 ## - NÚMERO INTERNACIONAL NORMALIZADO PARA LIBROS | |
| Número Internacional Normalizado del libro | 0-8020-2218-9 |
| 040 ## - FUENTE DE CATALOGACIÓN | |
| Agencia que realiza la transcripción | CO-MdFUSB |
| 041 0# - CÓDIGO DE IDIOMA | |
| Código de idioma para texto/pista de sonido o título separado | eng |
| 082 04 - NÚMERO DE CLASIFICACIÓN DECIMAL DEWEY | |
| Número de la edición del Dewey | 23 |
| Número de clasificación | 492.4 |
| Clave de autor-Numero de item | W7211h |
| 100 1# - ASIENTO PRINCIPAL--NOMBRE PERSONAL | |
| Nombre personal | Williams, Ronald J. (James) (1917-1993) |
| Término relacionador | autor |
| 245 10 - TÍTULO | |
| Título del Material | Hebrew syntax : |
| Parte restante del título - Subtitulo | an outline |
| Mención de responsabilidad, etc. | / Ronald J. Williams |
| 250 ## - MENCIÓN DE EDICIÓN | |
| Mención de edición | segunda edición |
| 264 #1 - PRODUCCIÓN, PUBLICACIÓN, DISTRIBUCIÓN, MANUFACTURA, Y COPYRIGHT | |
| Nombre del productor, publicador, distribuidor | University of Toronto Press, |
| Lugar de producción, publicación, distribución, manufactura | Toronto : |
| Fecha de producción, publicación, distribución, manufactura, o copyright | [1992] |
| 264 #4 - PRODUCCIÓN, PUBLICACIÓN, DISTRIBUCIÓN, MANUFACTURA, Y COPYRIGHT | |
| Fecha de producción, publicación, distribución, manufactura, o copyright | ©1992 |
| 300 ## - DESCRIPCIÓN FÍSICA | |
| Extensión | 122 páginas |
| Dimensiones | ; 25 cm |
| 336 ## - TIPO DE CONTENIDO | |
| Término de tipo de contenido | texto |
| Código de tipo de contenido | txt |
| Fuente | rdacontent |
| 337 ## - TIPO DE MEDIO | |
| Fuente | rdamedia |
| Nombre del tipo de medio | sin mediación |
| Código del tipo de medio | n |
| 338 ## - TIPO DE SOPORTE | |
| Fuente | rdacarrier |
| Nombre del tipo de soporte | volumen |
| Código Tipo de soporte | nc |
| 505 ## - NOTA DE CONTENIDO | |
| Nota de contenido con formato preestablecido | Sintaxis del sustantivo. -- Sintaxis del verbo. -- Sintaxis de partículas. -- Sintaxis de las cláusulas. |
| 563 ## - NOTA DE ENCUADERNACIÓN | |
| Nota de encuadernación | Rústico |
| 653 ## - TÉRMINO DE INDIZACIÓN - NO CONTROLADO | |
| Término no controlado | Sintaxis |
| 653 ## - TÉRMINO DE INDIZACIÓN - NO CONTROLADO | |
| Término no controlado | Hebreo |
| 942 ## - TIPO DE MATERIAL (KOHA) | |
| Tipo de Item KOHA | Libros General |
| 945 ## - INFORMACIÓN LOCAL DEL REGISTRO | |
| Catalogador | JTF-925 |
| Estado de Material | Estado de Perdido | Forma de Clasificación | Estado de Dañado | No para Préstamo | Colección | Tomo | Biblioteca de Origen | Biblioteca Permanente | Fecha de Adquisición | Área | Total de Préstamos | Signatura Topográfica | Código de Barras | Última vez visto | Ejemplar/Existencia | Fecha de Remplazo | Tipo de Material | Nota Pública |
|---|---|---|---|---|---|---|---|---|---|---|---|---|---|---|---|---|---|---|
| Dewey Decimal Classification | Colección General | Biblioteca FUSBC | Biblioteca FUSBC | 10/08/2006 | LENGUAS - LINGUISTICA | G 492.4 W7211h | 16140 | 12/12/2019 | Ej. 1 | 26/01/2016 | Libros General | libro reemplazado el 24 de enero de 2026 |
